[Event "GAMMA Reykjavik Open 2018"]
[Site "Reykjavik"]
[Date "2018.03.14"]
[Round "7"]
[White "Vaibhav, Suri"]
[Black "Bick, Gabriel"]
[Result "1-0"]
[WhiteElo "2544"]
[BlackElo "2416"]
[Annotator "TA"]
[PlyCount "73"]
[EventType "swiss"]
[EventCountry "ISL"]
[SourceTitle "playchess.com"]
[Source "ChessBase"]
[SourceQuality "1"]

{[%evp 22,73,13,7,39,23,24,25,39,36,40,26,27,23,27,17,97,91,100,49,47,47,49,47,48,46,53,46,61,52,72,68,70,39,45,24,24,24,25,22,20,0,0,-5,15,13,255,253,326,341,477,471,865,846]} 1. d4 Nf6 2. c4 g6 3. g3 Bg7 4. Bg2 O-O 5. Nc3 d6 6. Nf3 {[%cal Bg1f3,Bf3e1,Be1d3][%mdl 32]} c6 7. O-O Bf5 8. Ne1 Be6 9. b3 {E62: King's Indian: Fianchetto: 6...c6 and Panno Variation (6...Nc6) without ...a6} (9. d5 cxd5 10. cxd5 Bd7 11. Be3 a5 12. Bd4 Na6 13. Nd3 b5 14. a3 b4 15. axb4 Nxb4 16. Qd2 Rb8 17. Nxb4 Rxb4 {0-1 (57) Ding,L (2774)-Carlsen,M (2837) Saint Louis 2017}) 9... d5 10. cxd5 cxd5 11. Nd3 Nc6 12. e3 {LiveBook: 3 Games} Qc8 $146 ({Predecessor:} 12... Bf5 13. Bb2 Rc8 14. Rc1 e6 15. h3 {½-½ (15) Turov,M (2630)-Markowski,T (2611) Dresden 2011}) 13. Bb2 Bh3 14. Rc1 Bxg2 15. Kxg2 Qf5 16. Qe2 Rfd8 17. Na4 Rac8 18. Rc2 b6 {[#]} (18... Nd7 $11 {keeps the balance.}) 19. Rfc1 $1 $16 Nb8 20. Ba3 (20. Rc7 $16) 20... Rxc2 $14 21. Qxc2 Ne8 22. Nc3 {[%cal Ba4c3,Bc3e2,Be2f4][%mdl 32]} Qd7 23. Ne2 Qb7 24. h4 e6 25. Nef4 Bf8 26. Bxf8 Kxf8 27. Ne5 {Threatens to win with h5.} Nd7 28. Nf3 Ndf6 29. h5 $36 {[%cal Rh5g6][%mdl 2048] White has some pressure.} Nd6 30. hxg6 hxg6 31. Rh1 Rc8 32. Qb1 Kg7 33. Ne5 {Black must now prevent Nxe6+.} Nf5 $2 (33... Nde4 $11 {and Black is okay.}) 34. g4 $18 {[%cal Bg3g4,Bg4g5][%mdl 32]} Ne7 35. Qg1 {And now Qh2 would win.} Rg8 36. g5 Ne4 {[#]} (36... Nh5 $142 37. Nxh5+ gxh5 38. Rxh5 Qc8 39. Rh7+ Kf8) 37. Rh7+ $1 {[%mdl 512] Precision: White = 68%, Black = 49%.} 1-0

[Event "GAMMA Reykjavik Open 2018"]
[Site "Reykjavik"]
[Date "2018.03.14"]
[Round "7"]
[White "Moradiabadi, Elshan"]
[Black "Cummings, David H"]
[Result "1/2-1/2"]
[WhiteElo "2535"]
[BlackElo "2322"]
[Annotator "TA"]
[PlyCount "61"]
[EventType "swiss"]
[EventCountry "ISL"]
[SourceTitle "playchess.com"]
[Source "ChessBase"]
[SourceQuality "1"]

{[%evp 17,61,-7,-7,-11,0,0,12,-2,41,43,64,54,57,43,56,40,71,74,101,108,127,87,83,87,87,87,101,64,62,60,56,0,0,0,0,0,0,-17,-10,-14,0,0,0,0,0,0]} 1. d4 d5 2. Nf3 Nf6 3. e3 c5 4. dxc5 e6 5. a3 (5. b4 a5 6. c3 axb4 7. cxb4 b6 8. a4 bxc5 9. b5 c4 10. Be2 Nbd7 11. O-O Bb4 12. Bd2 Qa5 {0-1 (33) So,W (2815)-Carlsen,M (2832) chess.com INT 2017}) 5... Bxc5 6. b4 {D04: Colle System} Be7 7. Bb2 a5 8. b5 Nbd7 {[%cal Bb8d7,Bd7c5,Bc5e4,Be4c3][%mdl 32]} 9. Nbd2 O-O {LiveBook: 6 Games} 10. Be2 Nc5 11. O-O Nfe4 $146 {Black wants to play ...Na4.} ({Predecessor:} 11... b6 12. c4 Bb7 {1-0 (48) Kunin,V (2531)-Drnovsek,G (2421) Balatonszarszo 2017}) 12. Nxe4 Nxe4 13. c4 Bf6 14. Bxf6 Qxf6 15. cxd5 Nc3 16. Qc2 {Strongly threatening Bd3.} Nxd5 17. Bd3 Qh6 18. Be4 Bd7 19. Bxd5 exd5 20. Qc5 Rfd8 21. Nd4 Qg6 {[#] ...Bh3 is the strong threat.} 22. Kh1 Rac8 23. Qa7 b6 24. Rfc1 (24. Rac1 $14 Qd6 25. Rxc8 Rxc8 26. h3) 24... Qd6 $1 $11 {The position is equal.} 25. h3 Rc4 26. a4 Rdc8 27. Nc6 Bxc6 28. Qxb6 Qc7 29. Qxc7 Rxc7 30. bxc6 R7xc6 31. Rcb1 {Precision: White = 54%, Black = 50%.} 1/2-1/2

[Event "GAMMA Reykjavik Open 2018"]
[Site "Reykjavik"]
[Date "2018.03.14"]
[Round "7"]
[White "Abdusattorov, Nodirbek"]
[Black "Eljanov, Pavel"]
[Result "1/2-1/2"]
[WhiteElo "2518"]
[BlackElo "2713"]
[Annotator "TA"]
[PlyCount "67"]
[EventType "swiss"]
[EventCountry "ISL"]
[SourceTitle "playchess.com"]
[Source "ChessBase"]
[SourceQuality "1"]

{[%evp 19,67,12,33,6,10,0,0,0,0,0,0,0,0,-3,0,0,0,0,0,0,0,-4,-4,-5,-3,-3,-6,-8,0,0,0,0,0,0,0,0,0,0,0,0,0,0,0,0,0,0,0,0,0,0]} 1. e4 e5 2. Nf3 Nc6 3. Bb5 g6 4. d4 exd4 5. Bg5 Be7 6. Bxe7 Qxe7 7. Bxc6 dxc6 8. Qxd4 Nf6 9. Nc3 Bg4 {C60: Ruy Lopez: Unusual Black 3rd moves and 3...g6} 10. Nd2 O-O {LiveBook: 8 Games} (10... b6 {keeps more tension.} 11. f3 Bd7 12. O-O-O O-O-O 13. a3 Rhe8) (10... c5 11. Qe3 O-O-O 12. f3 Be6 13. O-O-O b6 14. g4 Nd7 15. h3 Ne5 16. f4 Nc6 17. Nf3 {0-1 (34) Guseinov,G (2645)-Carlsen,M (2832) chess.com INT 2017}) 11. O-O Rad8 {The position is equal.} 12. Qe3 b6 $146 ({Predecessor:} 12... Rfe8 13. f3 Bc8 14. Qf2 b6 15. Rad1 Nd7 16. h3 Qc5 17. Rfe1 {1-0 (34) Salgado Lopez,I (2605)-Arnaudov,P (2459) Skopje 2014}) 13. h3 Bc8 14. Rfe1 Bb7 15. Qh6 c5 16. Nf3 {[#] Threatens to win with e5.} Rfe8 17. Ng5 {e5 is the strong threat.} Qf8 18. Qxf8+ Kxf8 19. e5 h6 20. Nxf7 Kxf7 21. exf6 Rxe1+ 22. Rxe1 {With the idea Re7+.} Kxf6 $11 {[%mdl 4096] Endgame KRB-KRN} 23. f3 Rd2 (23... g5 {looks sharper.} 24. Kf2 Bc6 25. b3 a5 26. Rd1 Rd4) 24. Re2 Rxe2 (24... Rd7 {with more complications.} 25. Re8 Bc6 26. Rf8+ Ke5 27. Re8+ Kf6) 25. Nxe2 {KB-KN} Bc8 26. Kf2 Bf5 27. c4 c6 28. Nc3 Bd3 29. b3 g5 30. Ke3 Bf1 31. Kf2 Bd3 32. Ke3 Bf1 33. Kf2 Bd3 34. Ke3 {Precision: White = 85%, Black = 79%.} 1/2-1/2

[Event "GAMMA Reykjavik Open 2018"]
[Site "Reykjavik"]
[Date "2018.03.14"]
[Round "7"]
[White "Hjartarson, Johann"]
[Black "Midoux, Sebastien"]
[Result "1-0"]
[WhiteElo "2513"]
[BlackElo "2319"]
[Annotator "TA"]
[PlyCount "69"]
[EventType "swiss"]
[EventCountry "ISL"]
[SourceTitle "playchess.com"]
[Source "ChessBase"]
[SourceQuality "1"]

{[%evp 24,69,-4,-9,43,28,41,35,33,29,33,17,60,61,81,35,69,38,34,52,154,94,110,0,0,0,0,0,99,89,97,103,563,643,778,753,2090,1859,29987,29988,29988,29989,29989,29990,29992,29993,29993,29994]} 1. d4 Nf6 2. c4 g6 3. Nc3 d5 4. Nf3 Bg7 5. e3 O-O 6. cxd5 Nxd5 7. Bc4 Nb6 8. Bb3 c5 9. O-O cxd4 10. exd4 Bg4 11. d5 N8d7 12. h3 Bxf3 13. Qxf3 {LiveBook: 33 Games} Nf6 {D94: Grünfeld: 4 Nf3 Bg7 5 e3} ({Black should try} 13... Nc5 $11) (13... Nc5 14. Rd1 Nxb3 15. axb3 Nc8 16. Be3 a6 17. b4 Nd6 18. Na4 Nc4 19. Bd4 Bxd4 20. Rxd4 b5 21. Nc5 {1-0 (68) Li,C (2750)-Ipatov,A (2619) Doha 2015}) 14. Re1 $14 Nc8 15. Bf4 $146 ({Predecessor:} 15. Qe2 a6 16. a4 Nd6 17. Qxe7 Qb6 18. a5 Qxb3 19. Qxd6 Rfd8 20. Qa3 Qxa3 21. Rxa3 Nxd5 22. Nxd5 Rxd5 {½-½ (33) Van de Plassche,B (2275)-Arkell,K (2460) Copenhagen 1993}) 15... a6 {White is slightly better.} 16. Re2 Nd6 17. g4 Qd7 18. Rae1 Rae8 19. Be5 h5 {[%cal Rh5g4]} 20. Qg3 hxg4 21. hxg4 Nh7 (21... Rc8 $14) 22. f3 ({Don't do} 22. Bxg7 Kxg7 23. f3 Rh8 $16) ({White should play} 22. f4) 22... Bxe5 $16 23. Rxe5 (23. Qxe5 $16 f6 24. Qg3) 23... Kg7 $11 24. R1e2 Rh8 25. Qe1 $36 {[%cal Re5e7][%mdl 2048] White has the initiative.} Nf6 (25... Qd8 $11 {remains equal.}) 26. Rxe7 $16 Rxe7 27. Rxe7 Qc8 $2 {[%mdl 8192] [#]} (27... Re8 $16 28. Rxe8 (28. Rxd7 Rxe1+ 29. Kf2 Nxd7 $14) 28... Qxe8 29. Qxe8 Nfxe8) 28. Qe5 $1 $18 Qc5+ 29. Kg2 {[%cal Bg1g2,Bg2h2,Bh2h3,Bh3h4,Bh4g5][%mdl 32]} Kf8 30. Qxf6 Rh2+ 31. Kxh2 {White mates.} Qf2+ 32. Kh3 Qf1+ 33. Kh4 Qh1+ 34. Kg5 Qc1+ 35. f4 {Precision: White = 58%, Black = 33%.} 1-0

[Event "GAMMA Reykjavik Open 2018"]
[Site "Reykjavik"]
[Date "2018.03.14"]
[Round "7"]
[White "Hamitevici, Vladimir"]
[Black "Der Manuelian, Haik"]
[Result "1-0"]
[WhiteElo "2512"]
[BlackElo "2279"]
[Annotator "TA"]
[PlyCount "111"]
[EventType "swiss"]
[EventCountry "ISL"]
[SourceTitle "playchess.com"]
[Source "ChessBase"]
[SourceQuality "1"]

{[%evp 22,111,0,0,9,6,22,19,25,13,31,18,22,0,18,0,69,56,63,29,16,10,39,16,16,29,18,32,22,25,45,41,72,92,90,96,106,96,118,95,132,103,104,88,99,77,78,68,77,0,87,77,81,50,91,91,91,91,91,91,91,91,91,91,91,91,91,91,91,91,91,91,87,62,62,62,62,62,62,62,62,6,123,27,27,27,27,27,31,32,29978,29977]} 1. c4 e6 2. Nf3 d5 3. e3 Nf6 4. b3 Be7 5. Bb2 O-O 6. Nc3 c5 7. cxd5 exd5 8. d4 {A13: English Opening: 1...e6} Nc6 (8... b6 9. Be2 Bb7 10. O-O Nbd7 11. Rc1 Rc8 12. Ne5 Nxe5 13. dxe5 Ne4 14. f4 Nxc3 15. Bxc3 f5 16. Bf3 Qd7 17. Rf2 Rcd8 18. Rd2 Qe6 19. Qe2 Bc6 20. Rcd1 Rd7 {½-½ (64) Potkin,V (2574)-Inarkiev,E (2689) Riadh 2017}) 9. Bb5 Bg4 10. Bxc6 $146 ({Predecessor:} 10. dxc5 d4 11. exd4 Bxf3 12. Qxf3 Nxd4 13. Qd1 Nxb5 14. Qxd8 Raxd8 15. Nxb5 Bxc5 {1-0 (65) Jishitha,D (2140)-Hari,S (1735) Mumbai 2018}) 10... bxc6 11. dxc5 Bxc5 12. O-O {LiveBook: 5 Games} Qe7 13. h3 Bd7 14. Rc1 Bd6 15. Qd4 Rfc8 16. Rfe1 Bf5 17. Red1 Rab8 18. Qh4 Re8 (18... Qe8 $11) 19. Na4 {And now Bxf6 would win.} Rbc8 20. Qg5 Bg6 21. Nh4 Ba3 (21... Qe6 {seems wilder.} 22. Nxg6 fxg6 23. Bxf6 gxf6 24. Qh4 Ba3) 22. Nf5 $40 {[%mdl 128] White mounts an attack.} Bxf5 23. Qxf5 Bxb2 24. Nxb2 Ne4 25. Nd3 Qd6 26. b4 Ra8 27. Qf4 Qe6 28. Nc5 Nxc5 29. Rxc5 g6 30. Qd4 Qd6 31. Qc3 Rab8 32. a3 Rb6 33. Rc1 {[%cal Rc5c6]} Re6 34. Ra5 Qd7 35. Rc5 (35. Rd1 $16) 35... Rd6 (35... Qd6 $11 {remains equal.}) 36. Qd4 Rb5 37. g4 Rxc5 38. Rxc5 $14 {[%mdl 4096] Endgame KQR-KQR} ({Reject} 38. Qxc5 h5 $11) 38... Re6 {[#]} 39. b5 $1 {[%mdl 512]} cxb5 40. Rxd5 Qc6 41. Rd8+ Re8 42. Rxe8+ Qxe8 43. Qxa7 $16 {KQ-KQ} h6 44. Qc5 Qa8 45. Qe7 Qd5 46. Qb4 Qc6 47. e4 Kg7 48. Qd4+ Kg8 49. Qe3 g5 50. Kg2 Qc4 51. h4 (51. Qf3 $14) 51... f6 (51... gxh4 $11 {keeps the balance.} 52. Kh3 Qf1+ 53. Kxh4 Qg2) 52. h5 (52. Qf3 $16) 52... b4 $1 $11 53. axb4 Qxb4 54. Qf3 Qd4 55. Qf5 Kf7 $2 {[%mdl 8192] [#]} (55... Kf8 $14) 56. Qd5+ $1 {Precision: White = 47%, Black = 45%.} 1-0

[Event "GAMMA Reykjavik Open 2018"]
[Site "Reykjavik"]
[Date "2018.03.14"]
[Round "7"]
[White "Praggnanandhaa, R."]
[Black "Landa, Konstantin"]
[Result "1/2-1/2"]
[WhiteElo "2507"]
[BlackElo "2613"]
[Annotator "TA"]
[PlyCount "62"]
[EventType "swiss"]
[EventCountry "ISL"]
[SourceTitle "playchess.com"]
[Source "ChessBase"]
[SourceQuality "1"]

{[%evp 19,62,16,12,16,10,17,24,31,33,30,33,0,2,0,8,0,0,-13,0,-16,-9,-14,-15,-12,-9,-12,-8,-22,-8,-6,-6,-10,0,0,0,0,0,0,-2,-2,0,-9,-8,-16,-23]} 1. e4 e5 2. Nf3 Nf6 3. Nxe5 d6 4. Nf3 Nxe4 5. d4 d5 6. Bd3 Bf5 7. O-O Be7 8. Re1 O-O 9. Nbd2 {[%cal Bb1d2,Bd2f1,Bf1g3][%mdl 32] C42: Petroff Defence: 3 Nxe5 and unusual White 3rd moves} Nd6 10. Bxf5 Nxf5 {LiveBook: 3 Games} 11. Nf1 c6 12. Qd3 g6 13. Ng3 {[#]} Nd6 $146 ({Predecessor:} 13... Nxg3 14. hxg3 {½-½ (33) Dervishi,E (2552)-Ni,H (2671) Riadh 2017}) 14. Bf4 Nd7 15. Re2 {White wants to play Rae1.} Re8 {The position is equal.} 16. Rae1 {[#] aiming for Bxd6.} Bf8 17. Ne5 Nxe5 18. Bxe5 f6 19. Bf4 Qd7 20. c3 Rxe2 21. Rxe2 Re8 22. Rxe8 Qxe8 23. Qe2 Qxe2 (23... Qd7 {feels hotter.} 24. f3 h5 25. Qd3 Kf7 26. h4 Be7) 24. Nxe2 $11 {[%mdl 4096] Endgame KBN-KBN} Kf7 25. f3 h5 26. Kf2 g5 27. Bxd6 Bxd6 28. g3 Ke6 29. h3 c5 30. g4 h4 31. Ke3 c4 {Precision: White = 56%, Black = 57%.} 1/2-1/2

[Event "GAMMA Reykjavik Open 2018"]
[Site "Reykjavik"]
[Date "2018.03.14"]
[Round "7"]
[White "Cornette, Deimante"]
[Black "Can, Emre"]
[Result "1/2-1/2"]
[WhiteElo "2447"]
[BlackElo "2603"]
[Annotator "TA"]
[PlyCount "101"]
[EventType "swiss"]
[EventCountry "ISL"]
[SourceTitle "playchess.com"]
[Source "ChessBase"]
[SourceQuality "1"]

{[%evp 24,101,-5,-4,-6,-14,-2,0,7,-4,0,-18,18,0,17,-26,-21,-26,-17,-16,-12,-12,-13,-12,-12,-24,-17,-6,0,-23,0,-12,-9,-9,0,0,0,-25,-35,-28,-25,-25,-30,-42,-36,-52,-2,-11,-18,-33,-16,-17,-2,-2,-2,-20,0,-2,0,0,0,-8,0,0,0,0,0,0,0,-2,0,0,0,0,0,0,0,0,0,0]} 1. e4 c5 2. Nf3 d6 3. d4 cxd4 4. Nxd4 Nf6 5. Nc3 Nc6 6. f3 e5 7. Nb3 Be6 8. Be3 Be7 9. Qd2 {B56: Classical Sicilian: Unusual Lines} (9. Qe2 O-O 10. O-O-O Qc8 11. g4 a5 12. g5 Ne8 13. Na4 Qc7 14. Kb1 b5 15. Qxb5 Nb4 16. c3 Bd7 {½-½ (26) Oleksienko,M (2615)-Vovk,A (2634) Zhitomir 2017}) 9... d5 10. exd5 Nxd5 11. Nxd5 Qxd5 12. Qxd5 Bxd5 13. O-O-O {LiveBook: 27 Games} O-O-O $1 14. Bb5 Kc7 15. Rhe1 Bh4 $146 ({Predecessor:} 15... a6 16. Bf1 f5 {0-1 (36) Alka,D (2019)-Meenakshi,S (2289) Visakhapatnam 2006}) 16. Rf1 b6 17. Rd2 f5 18. Rfd1 Be6 19. Rxd8 (19. f4 {feels hotter.} Rxd2 20. Bxd2 Nd4 21. Nxd4 exd4 22. Be1) 19... Rxd8 20. Rxd8 Bxd8 21. a4 g5 22. a5 bxa5 23. Nc5 Bc8 24. Na6+ Kb7 25. Nc5+ Kc7 26. Na6+ Kb7 27. Nc5+ Kb6 28. Bc4 f4 29. Bf2 Kc7 30. Ne6+ Bxe6 31. Bxe6 $11 {[%mdl 4096] Endgame KBB-KBN} Kd6 32. Bf5 h6 33. Be4 Bb6 34. Be1 Nd8 35. Kd2 Ne6 36. Ke2 Nc5 37. Bg6 {The position is equal.} Na4 38. b3 Nc5 39. Bc3 Ke6 40. Be8 Kf5 41. Bc6 Ke6 42. Be8 Bc7 43. Be1 Ke7 44. Bc6 Kd6 45. Be8 Bb6 46. Bc3 Ke6 47. Bc6 Kf5 48. Be8 Bc7 49. h3 Bb6 50. Bc6 Ke6 51. Be8 {Precision: White = 77%, Black = 51%.} 1/2-1/2

[Event "GAMMA Reykjavik Open 2018"]
[Site "Reykjavik"]
[Date "2018.03.14"]
[Round "7"]
[White "Haria, Ravi"]
[Black "Cornette, Matthieu"]
[Result "1/2-1/2"]
[WhiteElo "2424"]
[BlackElo "2620"]
[Annotator "TA"]
[PlyCount "80"]
[EventType "swiss"]
[EventCountry "ISL"]
[SourceTitle "playchess.com"]
[Source "ChessBase"]
[SourceQuality "1"]

{[%evp 18,80,23,12,13,-12,-9,-41,-39,-27,-40,-73,-45,-62,-10,-47,-39,-48,21,0,0,0,102,85,77,47,36,41,37,0,0,0,0,0,0,0,0,0,0,-5,0,0,29,30,45,6,10,-156,-150,-166,-164,-155,-41,-44,6,6,6,6,9,13,23,22,33,13,17]} 1. e4 e5 2. Nf3 Nc6 3. Bc4 Nf6 4. d3 Bc5 5. c3 a6 6. a4 {C54: Giuoco Piano: 4 c3 Nf6, main lines with 5 d4 and 5 d3} d6 7. O-O Ba7 (7... O-O 8. h3 h6 9. Re1 Re8 10. Nbd2 Be6 11. Bxe6 Rxe6 12. b4 Ba7 13. Qc2 Qd7 14. Nf1 d5 15. Ng3 Rd8 16. exd5 Qxd5 {½-½ (63) Carlsen,M (2834)-Kramnik,V (2787) Wijk aan Zee 2018}) 8. Na3 h6 9. Nc2 O-O 10. Be3 {LiveBook: 26 Games} Bb8 11. h3 Ne7 12. Re1 $146 ({Find the theoretical novelty and annotate with similar games:} 12. Nh4 d5 13. exd5 Nfxd5 14. Bc5 c6 {0-1 (37) Vokhidov,S (2366)-Sengupta,D (2570) St Petersburg 2016}) 12... c6 13. Ba2 Ng6 14. Qe2 Nh5 15. g3 d5 (15... Bxh3 $15 16. Ng5 Nhf4 17. Bxf4 Nxf4 18. gxf4 hxg5) 16. Nh2 Nf6 17. h4 dxe4 ({Black should try} 17... Re8 $15) 18. dxe4 $11 Nxe4 19. Rad1 Qf6 (19... Qc7 $11) 20. Bb6 $16 {[%mdl 1024] White has strong compensation.} Nd6 21. Ne3 e4 22. Qh5 Ne5 23. Bd4 Re8 24. Nhg4 {[%cal Bh2g4,Bg4e3,Be3c4][%mdl 32]} Qg6 $1 25. Qxg6 Nxg6 26. Bc5 Nf5 27. Nxf5 Bxf5 28. Ne3 $132 {[%mdl 2048] White is not keeping still} Bc8 29. Nc4 Bg4 30. Rd4 $1 {[%cal Rd4e4]} Bf5 31. Nb6 Ba7 32. Bb1 $2 (32. g4 $1 $11 Be6 33. Nxa8 Bxc5 34. Nc7 Bxd4 35. Nxe8 Bxa2 36. cxd4) 32... Ne5 $17 {aiming for ...Nf3+.} 33. Re3 {[#]} Bxb6 $1 34. Bxb6 {[#]} Ng4 (34... Be6 $1 $17 {Threatens to win with ...Nf3+.} 35. Bxe4 Nc4 36. Rxc4 Bxc4) 35. Re1 $15 e3 36. f3 Bxb1 37. Rxg4 e2 38. Kf2 Bd3 39. Rd4 Bf5 40. Rxe2 Rxe2+ {Precision: White = 48%, Black = 55%.} 1/2-1/2

[Event "GAMMA Reykjavik Open 2018"]
[Site "Reykjavik"]
[Date "2018.03.14"]
[Round "7"]
[White "Antal, Tibor Kende"]
[Black "Brunello, Sabino"]
[Result "1-0"]
[WhiteElo "2419"]
[BlackElo "2542"]
[Annotator "TA"]
[PlyCount "51"]
[EventType "swiss"]
[EventCountry "ISL"]
[SourceTitle "playchess.com"]
[Source "ChessBase"]
[SourceQuality "1"]

{[%evp 23,51,55,60,45,74,52,122,132,256,270,568,555,596,540,552,545,609,595,581,579,675,670,676,659,677,664,684,684,936,935]} 1. e4 c5 2. Nf3 d6 3. Bb5+ Nd7 4. O-O a6 5. Bxd7+ Bxd7 6. d4 cxd4 7. Qxd4 e5 8. Qd3 Rc8 {B51: Sicilian: Moscow Variation (3 Bb5+) without 3...Bd7} 9. c4 h6 (9... b5 10. Na3 Qb6 11. Be3 Qb7 12. cxb5 axb5 13. Rfe1 h6 14. Bd2 Nf6 15. Bb4 {1-0 (48) Miton,K (2596)-Najer,E (2693) Czech Republic 2018}) 10. Nc3 Nf6 11. a4 {[%cal Ba2a4,Ba4a5][%mdl 32]} Be7 12. b3 O-O {LiveBook: 12 Games} 13. Ba3 Be6 14. Rfd1 {[%cal Ra3d6]} Qb6 (14... Qa5 $14) 15. a5 $16 Qxb3 $146 (15... Qxa5 $16 16. Bxd6 Qd8 17. Nxe5 Re8) ({Predecessor:} 15... Qa7 16. Nxe5 b5 {1-0 (24) Klinova,M (2289)-Haussernot,C (2169) Antalya 2017}) 16. Nd2 $18 Qxd1+ $2 {[#]} (16... Bxc4 {is a better defense.} 17. Nxb3 Bxd3 18. Rxd3 Rc6) 17. Rxd1 {White is clearly winning.} Rc7 18. Na4 Rd8 19. Nb6 Nd7 20. Nd5 Bxd5 21. Qxd5 Nc5 22. Rb1 Rdd7 23. Nf1 {[%cal Bd2f1,Bf1e3,Be3f5][%mdl 32]} Ne6 24. Ne3 Nd4 25. Rb6 Rc6 26. Nf5 {Precision: White = 92%, Black =  6%.} 1-0

[Event "GAMMA Reykjavik Open 2018"]
[Site "Reykjavik"]
[Date "2018.03.14"]
[Round "7"]
[White "Fenil, Shah"]
[Black "Grigoriants, Sergey"]
[Result "0-1"]
[WhiteElo "2346"]
[BlackElo "2568"]
[Annotator "TA"]
[PlyCount "86"]
[EventType "swiss"]
[EventCountry "ISL"]
[SourceTitle "playchess.com"]
[Source "ChessBase"]
[SourceQuality "1"]

{[%evp 18,86,-22,-37,-40,-29,-37,-27,-17,-33,-4,-18,-8,-49,25,-48,-23,-11,0,-38,47,0,0,-24,0,0,0,-7,0,0,0,-13,0,0,0,0,0,0,0,0,0,0,21,0,0,-230,-56,-76,-26,-245,-225,-214,-223,-344,-329,-337,-324,-357,-313,-428,-428,-535,-489,-1089,-1115,-1101,-1096,-1068,-1010,-1200,-1211]} 1. d4 Nf6 2. Bf4 d5 3. e3 c5 4. c3 Nc6 5. Nd2 Bf5 6. Ngf3 {D00: 1 d4 d5: Unusual lines} Qb6 (6... e6 7. Be2 Bd6 8. dxc5 Bxc5 9. Nd4 Bg6 10. Qa4 O-O 11. Nxc6 bxc6 12. Qxc6 Rc8 13. Qa4 Re8 14. O-O e5 {0-1 (57) Le,Q (2737)-Ding,L (2777) Riadh 2017}) 7. Qb3 c4 8. Qxb6 axb6 9. a3 b5 10. Rc1 {LiveBook: 8 Games} h6 11. h3 g5 12. Bh2 Nd7 $146 {[%cal Bf6d7,Bd7b6,Bb6a4][%mdl 32]} ({Predecessor:} 12... Bg7) 13. g4 Bg6 14. Bg2 f6 {[%cal Bf7f6,Bf6e5][%mdl 32]} 15. e4 e6 (15... dxe4 $15 16. Ng1 h5) 16. Ng1 (16. exd5 $11 exd5 17. O-O) 16... Nb6 17. Ne2 O-O-O 18. f4 e5 (18... dxe4 $15 19. Bxe4 Bxe4 20. Nxe4 Be7) 19. dxe5 fxe5 20. Bg1 Na4 21. exd5 {[#] Black must now prevent f5.} Ne7 22. f5 Bf7 23. Rc2 Nxd5 24. Ne4 Be7 25. Bf2 Rd7 26. O-O Rhd8 27. Bf3 b6 {[%cal Bb7b6,Bb6c5,Bc5c4][%mdl 32]} 28. Rd1 Bc5 29. Nxc5 bxc5 30. Rb1 Nf6 31. Be3 $2 {[#]} (31. Ng3 $11 {and White is okay.}) 31... Bd5 $2 ({Black should play} 31... Rd3 $19 32. Kf2 e4) 32. Bxd5 Rxd5 33. b4 $2 (33. Ng3 $11 {and White has nothing to worry.}) 33... cxb3 $19 34. Rxb3 c4 35. Rb4 (35. Rb1 $142) 35... Rd1+ 36. Kf2 R8d5 37. Kf3 Kc7 ({Resist} 37... R1d3 38. Nc1 $19) 38. Ng3 Kc6 {Black is clearly winning.} 39. Ne2 R5d3 40. Kf2 (40. Rxa4 $142 bxa4 41. Nc1) 40... Ne4+ 41. Kf3 Naxc3 42. Nxc3 Nxc3 43. f6 Re1 {Precision: White = 40%, Black = 51%.} 0-1

[Event "GAMMA Reykjavik Open 2018"]
[Site "Reykjavik"]
[Date "2018.03.14"]
[Round "7"]
[White "Sarkar, Justin"]
[Black "Friedel, Joshua"]
[Result "0-1"]
[WhiteElo "2322"]
[BlackElo "2562"]
[Annotator "TA"]
[PlyCount "98"]
[EventType "swiss"]
[EventCountry "ISL"]
[SourceTitle "playchess.com"]
[Source "ChessBase"]
[SourceQuality "1"]

{[%evp 18,98,-5,-4,0,-14,12,8,30,14,11,8,119,69,56,-11,-11,-11,-11,-11,-10,-14,-13,-13,-13,-14,-12,-9,-4,0,-7,-33,-23,-40,0,0,0,0,0,-10,-2,-73,-76,-78,-33,-116,-114,-107,-56,-154,-141,-150,-163,-174,-163,-195,-191,-172,-196,-198,-191,-192,-181,-434,-164,-439,-439,-431,-431,-364,-403,-610,-601,-573,-441,-863,-868,-5275,-10058,-6721,-5600,-4627,-4626]} 1. e4 e5 2. Nf3 Nc6 3. Bc4 Nf6 4. Ng5 d5 5. exd5 Na5 6. Bb5+ c6 7. dxc6 bxc6 8. Be2 h6 9. Nh3 Bd6 10. d3 O-O {C59: Two Knights: 4 Ng5 d5 5 exd5 Na5 5 Bb5+ c6 6 dxc6 bxc6 7 Be2} 11. O-O Nd5 12. Kh1 Bxh3 {The position is equal.} 13. gxh3 Qh4 14. Rg1 Bc5 $146 (14... f5 $11) ({Predecessor:} 14... e4 15. Qf1 f5 16. Bd2 Nb7 17. Nc3 Rae8 18. Qg2 {0-1 (26) Veinger,I (2605)-Letic,S (2360) Yugoslavia 1998}) 15. Bd2 Nb7 16. Qf1 ({White should play} 16. Rg4 $14 Qxf2 17. Bxh6) 16... Qxf2 $11 ({Reject} 16... Bxf2 17. Rg4 $16) 17. Qxf2 Bxf2 18. Rg2 Be3 19. c4 Bxd2 20. cxd5 Bc1 21. Bf3 ({Of course not} 21. dxc6 Bxb2 22. cxb7 Rab8 $17) 21... cxd5 {aiming for ...Nc5.} 22. Nc3 Bg5 23. Bxd5 Rab8 $36 {[%mdl 2048] Black has good play.} 24. Ne4 Rfd8 25. Bc4 Nd6 26. Nxg5 hxg5 27. Bb3 e4 28. dxe4 Nxe4 29. Re1 (29. Rf1 $11 {keeps the balance.}) 29... Nd2 $17 30. Bc2 g6 31. b3 (31. Rd1 $15 Nf3 32. Bb3) 31... Rbc8 32. Bb1 Kg7 ({Better is} 32... Rd5 $17 33. Rd1 Rcd8) 33. Rf2 (33. Rd1 $1 $15) 33... Rc7 34. Kg2 Rd4 35. Rfe2 a5 36. Be4 Rxe4 37. Rxe4 Nxe4 38. Rxe4 $19 {[%mdl 4096] Endgame KR-KR} Rc2+ 39. Kg1 Rxa2 40. Re5 $2 (40. Re7 {was necessary.}) 40... Kh6 $2 (40... f5 41. Rb5 Kh6) 41. Re7 $2 (41. Re8) 41... f5 {[%cal Bf7f5,Bf5f4][%mdl 32]} 42. Ra7 Ra3 43. Kg2 {[#]} f4 $1 ({Weaker is} 43... Rxb3 44. Rxa5 Rb2+ 45. Kg1 $19) 44. Ra8 (44. Kf3 $142 Rxb3+ 45. Kg4) 44... Ra2+ {Black is clearly winning.} 45. Kg1 {[#]} g4 $1 {[%cal Bg5g4,Bg4h3][%mdl 544]} 46. b4 (46. hxg4 $142 Kg5 47. Ra6) 46... gxh3 47. Rxa5 Rg2+ 48. Kh1 Rb2 {[%cal Rb2b1]} 49. Kg1 g5 {Precision: White = 32%, Black = 58%.} 0-1